[Event "CGC KO 2022"]
[Site "chess.com INT"]
[Date "2022.10.03"]
[Round "3.4"]
[White "Dominguez Perez,L"]
[Black "Nakamura,Hi"]
[Result "1/2-1/2"]
[WhiteElo "2745"]
[BlackElo "2768"]

1.e4 e5 2.Nf3 Nc6 3.Bc4 Nf6 4.d3 Bc5 5.O-O d6 6.c3 a6 7.a4 Ba7 8.Re1 O-O
9.h3 h6 10.Nbd2 Re8 11.b4 Be6 12.Bxe6 Rxe6 13.Bb2 Ne7 14.Nf1 Ng6 15.c4 c6
16.Ng3 d5 17.Bc3 d4 18.Bd2 a5 19.bxa5 Nd7 20.h4 Nxh4 21.Nxh4 Qxh4 22.Nf5 Qd8
23.Rb1 Rb8 24.g3 Bc5 25.Kg2 Bf8 26.Rh1 Rg6 27.f4 exf4 28.Bxf4 Ra8 29.Rxb7 Nc5
30.Rb6 Nd7 31.Rb7 Nc5 32.a6 Nxa6 33.Qh5 Qe8 34.Rhb1 Rd8 35.Qf3 c5 36.R1b5 Nb4
37.Rb8 Nc6 38.Rxd8 Qxd8 39.Rb7 Qa8 40.Rc7 Qxa4 41.e5 Nd8 42.Nd6 Ne6 43.Rb7 Bxd6
44.exd6 Nxf4+ 45.Qxf4 Qc6+ 46.Qf3 Qxf3+ 47.Kxf3 Rxd6 48.Rc7 Re6 49.Rxc5 Re3+
50.Kf4 Rxd3 51.Rd5 Kf8 52.g4 Rd1 53.Ke4 d3 54.c5 Ke7 55.Kd4 g6 56.Kc4 Ke6
57.Rd6+ Ke5 58.Rd7 Rc1+ 59.Kb5 Ke4 60.c6 h5 61.gxh5 gxh5 62.Re7+ Kd4 63.Rd7+ Ke4
64.c7 d2 65.Kb6 Rb1+ 66.Ka6 Ra1+ 67.Kb7 Rb1+ 68.Ka7 Ra1+ 69.Kb7 Rb1+ 70.Ka6 Ra1+
71.Kb6 Rb1+ 72.Ka7 Ra1+ 73.Kb6 Rb1+  1/2-1/2

[Event "CGC KO 2022"]
[Site "chess.com INT"]
[Date "2022.10.03"]
[Round "3.1"]
[White "Nakamura,Hi"]
[Black "Dominguez Perez,L"]
[Result "1-0"]
[WhiteElo "2768"]
[BlackElo "2745"]

1.d4 d5 2.c4 dxc4 3.Nf3 Nf6 4.e3 e6 5.Bxc4 c5 6.O-O Nc6 7.Nc3 a6 8.d5 Nxd5
9.Nxd5 b5 10.Bb3 c4 11.Bxc4 bxc4 12.e4 Bb7 13.Re1 Bb4 14.Bg5 f6 15.Bd2 Bxd2
16.Qxd2 Rc8 17.Ne3 Qxd2 18.Nxd2 Ne5 19.Rec1 Ke7 20.f3 c3 21.Rxc3 Rxc3 22.bxc3 Rd8
23.Nb3 Rd3 24.Nd1 Bc6 25.Kf1 g5 26.Rc1 Ba4 27.Ke1 g4 28.f4 Nc4 29.Ke2 Rd8
30.Ne3 Bxb3 31.axb3 Nd2 32.Nxg4 Nxb3 33.Rd1 Rxd1 34.Kxd1 Nc5 35.e5 fxe5 36.Nxe5 h5
37.Ke2 Kf6 38.Nd3 Ne4 39.c4 a5 40.Ke3 Nd6 41.c5 Nf5+ 42.Kd2 Nh4 43.Ne5 Nxg2
44.c6  1-0

[Event "CGC KO 2022"]
[Site "chess.com INT"]
[Date "2022.10.03"]
[Round "3.3"]
[White "Nakamura,Hi"]
[Black "Dominguez Perez,L"]
[Result "1/2-1/2"]
[WhiteElo "2768"]
[BlackElo "2745"]

1.d4 d5 2.c4 e6 3.Nc3 Nf6 4.cxd5 exd5 5.Bg5 Bb4 6.Nf3 h6 7.Bh4 O-O 8.Nd2 c5
9.a3 Ba5 10.dxc5 Bxc3 11.bxc3 Na6 12.Nb3 g5 13.Bg3 Ne4 14.Qd4 Qe7 15.h4 Nxg3
16.fxg3 Re8 17.Kf2 Bf5 18.e3 Nc7 19.hxg5 Qxg5 20.Qf4 Ne6 21.Qxg5+ hxg5 22.Bb5 Re7
23.Nd4 Bg6 24.c6 Nxd4 25.exd4 Rc8 26.Rae1 Rec7 27.Re5 bxc6 28.Be2 Rb8 29.Rxg5 Rb2
30.Re5 Ra2 31.g4 Rxa3 32.Re8+ Kg7 33.g5 f6 34.gxf6+ Kxf6 35.Re3 Re7 36.Rxe7 Kxe7
37.Rh6 Kf7 38.Bh5 Bxh5 39.Rxh5 Rxc3 40.Rh7+ Ke6 41.Rxa7 Rd3 42.Ra6 Rc3 43.Ke2 Kd6
44.Kd2 Rg3 45.Ra8 Rxg2+ 46.Kd3 Rg3+ 47.Kd2 Kc7 48.Rh8 Kb7 49.Kc2 Rg7 50.Kc3 Kb6
51.Rb8+ Rb7 52.Rg8 Kb5 53.Kb3 Ka5+ 54.Kc3 Ka4 55.Ra8+ Kb5 56.Kb3 Kb6 57.Rg8 Rf7
58.Rb8+ Kc7 59.Rg8 Rf3+ 60.Kc2 Re3 61.Rh8 Kd6 62.Rd8+ Ke7 63.Rc8 Kd7 64.Rh8 Rg3
65.Kd2 Kc7 66.Kc2 Rg4 67.Kc3 Rg3+ 68.Kc2 Rg4 69.Kc3 Rg3+ 70.Kc2  1/2-1/2

[Event "Titled Tue 18th Oct Early"]
[Site "chess.com INT"]
[Date "2022.10.18"]
[Round "1"]
[White "Nakamura,Hi"]
[Black "Yaniuk,Volodymyr"]
[Result "1-0"]
[WhiteElo "2768"]
[BlackElo "2223"]

1.g4 d5 2.Bg2 c6 3.h3 h5 4.g5 Bf5 5.Nf3 e6 6.d3 Bc5 7.Nbd2 Nd7 8.e4 Bh7 9.Qe2 Ne7
10.Nh4 Bg6 11.f4 Qc7 12.Nb3 Bd6 13.O-O O-O-O 14.Be3 f5 15.e5 Bb4 16.a3 Ba5
17.c4 Kb8 18.Qf2 Ka8 19.Rfc1 Bb6 20.c5 Ba5 21.d4 b5 22.Nxa5 Qxa5 23.b4 Qc7
24.a4 Kb7 25.Qa2 Ka8 26.Bf1 bxa4 27.b5 cxb5 28.Nxg6 Nxg6 29.Bxb5 Rb8 30.Qxa4 Rbd8
31.Bc6+ Kb8 32.Rcb1+ Kc8 33.Qa6+  1-0

[Event "Titled Tue 18th Oct Early"]
[Site "chess.com INT"]
[Date "2022.10.18"]
[Round "2"]
[White "Peng,David"]
[Black "Nakamura,Hi"]
[Result "0-1"]
[WhiteElo "2287"]
[BlackElo "2768"]

1.e4 g5 2.d4 Bg7 3.Bc4 e6 4.Bb3 d5 5.e5 c5 6.c3 Nc6 7.h4 gxh4 8.Nf3 Bh6 9.Rxh4 Bxc1
10.Qxc1 cxd4 11.cxd4 Bd7 12.Nc3 Qe7 13.Qg5 f6 14.Qh5+ Qf7 15.O-O-O fxe5 16.dxe5 Qxh5
17.Rxh5 O-O-O 18.Rdh1 h6 19.Ne2 Rf8 20.Kd2 Be8 21.R5h4 Rxf3 22.gxf3 Nxe5
23.Nd4 Ne7 24.Rxh6 Rxh6 25.Rxh6 Bf7 26.Rh7 N7g6 27.Ke3 Nf8 28.Rh8 Ng6 29.Rh1 e5
30.Nf5 Kd7 31.Kd2 Be6 32.Ne3 d4 33.Bxe6+ Kxe6 34.Nc4 Kd5 35.b3 b5 36.Nb2 Ne6
37.Nd3 Ng5 38.Ke2 Ne6 39.Rh6 Ngf8 40.Rf6 Nd7 41.Rf5 Kd6 42.Rf7 a5 43.Rf5 Nc7
44.Rh5 Nd5 45.Rh6+ N7f6 46.Rh8 Nc3+ 47.Kd2 Nxa2 48.Ra8 Nd7 49.Ra6+ Kd5 50.Rxa5 Nc3
51.Ra7 Kd6 52.Ra6+ Kd5 53.Ra7 Nf8 54.Rf7 Ng6 55.Rf6 Nh4 56.Rf7 Ke6 57.Rf8 Ke7
58.Rh8 Nxf3+ 59.Kc2 e4 60.Nf4 Kf6 61.Rh5 b4 62.Nd5+ Kg6 63.Nf4+ Kf6 64.Ra5 Ne5
65.Nd5+ Ke6 66.Nxb4 Ne2 67.Ra6+ Kf5 68.Ra5 d3+ 69.Kd2 Nd4 70.Nd5 Nxb3+ 71.Ke3 Nc4+  0-1

[Event "Titled Tue 18th Oct Early"]
[Site "chess.com INT"]
[Date "2022.10.18"]
[Round "3"]
[White "Nakamura,Hi"]
[Black "Wieczorek,O"]
[Result "1-0"]
[WhiteElo "2768"]
[BlackElo "2504"]

1.g4 d5 2.Bg2 c6 3.h3 e5 4.d3 Bd6 5.e4 d4 6.Ne2 c5 7.O-O Nc6 8.f4 exf4 9.Nxf4 Nge7
10.Nd2 O-O 11.Nc4 Bc7 12.a4 Ng6 13.Nd5 Be6 14.Nxc7 Qxc7 15.b3 Nce5 16.g5 Qd7
17.Qh5 Rac8 18.Nxe5 Nxe5 19.Bf4 Ng6 20.Bg3 Rc6 21.Rf2 b6 22.Raf1 a6 23.Kh2 b5
24.axb5 axb5 25.Qe2 c4 26.bxc4 bxc4 27.h4 Bg4 28.Bf3 cxd3 29.cxd3 Bxf3 30.Qxf3 Rc3
31.h5 Ne7 32.h6 Ng6 33.hxg7 Kxg7 34.Kg2 Rc5 35.Qh5 Qe7 36.Rf5 Rc2+ 37.Bf2 Qc7
38.Kg1 Nf4 39.Rxf4 Qxf4 40.Bxd4+  1-0

[Event "Titled Tue 18th Oct Early"]
[Site "chess.com INT"]
[Date "2022.10.18"]
[Round "4"]
[White "Kravtsiv,M"]
[Black "Nakamura,Hi"]
[Result "0-1"]
[WhiteElo "2598"]
[BlackElo "2768"]

1.e4 g5 2.d4 Bg7 3.Nc3 h6 4.h4 g4 5.Qxg4 Bxd4 6.Nge2 d6 7.Qg3 Bf6 8.Bd2 c6
9.O-O-O Nd7 10.f4 e5 11.Kb1 b5 12.Nc1 Bb7 13.Qf2 Qc7 14.g4 b4 15.N3e2 c5
16.Ng3 O-O-O 17.f5 Be7 18.Bg2 f6 19.Nh5 Rh7 20.c4 Rf8 21.Qe2 Nb8 22.Be3 Nc6
23.Nd3 Kb8 24.b3 a5 25.Bf3 a4 26.Nb2 axb3 27.axb3 Bd8 28.Kc2 Nge7 29.Ra1 Nc8
30.Nd3 Nb6 31.Qd2 Be7 32.Nb2 Rg8 33.Ra2 Nd7 34.Rg1 Rd8 35.Nd3 Nb6 36.Kd1 Rhh8
37.Ke2 Rh7 38.Kf2 Rg8 39.Rga1 Bd8 40.Kg3 Rd7 41.Kh3 Rh7 42.Qf2 Re7 43.Qd2 Rd7
44.Rg1 Rh7 45.Bh1 Qf7 46.Rb2 Bc7 47.Rbb1 Rhh8 48.Bf3 Bc8 49.Kh2 Bb7 50.Nf2 Nd7
51.Rg3 Nd4 52.Bxd4 exd4 53.Nd3 d5 54.cxd5 Qe7 55.Kh3 Ba6 56.Ndf4 Ne5 57.Be2 d3
58.Bf1 Bd6 59.Ne6 Kb7 60.Ra1 Ra8 61.Rg2 Bb5 62.Ra2 Rxa2 63.Qxa2 Ra8 64.Qb1 Nf3
65.Nhf4 Bxf4 66.Nxf4 Qe5 67.Nxd3 Qc3 68.Qc2 Kb6 69.Qxc3 bxc3 70.Rf2 Nd4 71.Ne1 Ra1
72.Bxb5 Rxe1 73.Bd3 Re3+  0-1

[Event "Titled Tue 18th Oct Early"]
[Site "chess.com INT"]
[Date "2022.10.18"]
[Round "5"]
[White "Bacrot,E"]
[Black "Nakamura,Hi"]
[Result "0-1"]
[WhiteElo "2646"]
[BlackElo "2768"]

1.e4 g5 2.d4 h6 3.c4 Bg7 4.Nc3 d6 5.h4 gxh4 6.Be3 e5 7.dxe5 dxe5 8.Qxd8+ Kxd8
9.Nf3 h3 10.O-O-O+ Ke8 11.gxh3 c6 12.Rg1 Bf6 13.c5 Be6 14.Nd2 Bg5 15.Nc4 Bxc4
16.Bxc4 Bxe3+ 17.fxe3 Nf6 18.b4 Nbd7 19.Rd6 Ke7 20.Rg7 Raf8 21.Re6+ Kd8 22.Rd6 Ne8
23.Rxc6 bxc6 24.Rh7 Rxh7 25.Nb5 cxb5 26.a4 bxc4  0-1

[Event "Titled Tue 18th Oct Early"]
[Site "chess.com INT"]
[Date "2022.10.18"]
[Round "6"]
[White "Nakamura,Hi"]
[Black "Madaminov,Mukhiddin"]
[Result "1-0"]
[WhiteElo "2768"]
[BlackElo "2441"]

1.g4 d5 2.Bg2 c6 3.h3 e5 4.d3 Bc5 5.Nd2 Ne7 6.Ngf3 Ng6 7.Nf1 O-O 8.Ng3 Be6
9.c3 Bb6 10.Nf5 Nd7 11.h4 Bxf5 12.gxf5 Nf4 13.Bf1 Re8 14.h5 Qf6 15.h6 g6
16.d4 Qxf5 17.Rh4 g5 18.Rh1 e4 19.Ng1 Ne5 20.Bxf4 Nd3+ 21.exd3 exd3+ 22.Be3 Rxe3+
23.fxe3 Qe4 24.Rh3 Re8 25.Qxd3 Qg4 26.Ne2 Bc7 27.O-O-O Re6 28.Kb1 Rf6 29.Nc1 Rf2
30.Rh1 Qe6 31.Be2 g4 32.Rdf1 Rxf1 33.Rxf1  1-0

[Event "Titled Tue 18th Oct Early"]
[Site "chess.com INT"]
[Date "2022.10.18"]
[Round "7"]
[White "Nakamura,Hi"]
[Black "Le Tuan Minh"]
[Result "0-1"]
[WhiteElo "2768"]
[BlackElo "2542"]

1.g4 d5 2.Bg2 c6 3.h3 e5 4.d3 Bc5 5.Nd2 Qh4 6.e3 Bxe3 7.Qe2 Bb6 8.Ngf3 Qe7
9.Nxe5 Nd7 10.Ndf3 Nxe5 11.Nxe5 f6 12.Nf3 Bd7 13.Be3 O-O-O 14.O-O-O Bxe3+
15.fxe3 Nh6 16.Rhe1 Rhe8 17.Qf2 Qc5 18.Kb1 Nf7 19.Nd4 Re7 20.Re2 Rde8 21.Rde1 Nd6
22.Qf4 Nb5 23.Nb3 Qd6 24.Qf2 Nc7 25.e4 Kb8 26.a3 Bc8 27.Nd2 Be6 28.e5 fxe5
29.Rxe5 Bc8 30.Rxe7 Rxe7 31.Rxe7 Qxe7 32.Nf3 Ne6 33.Ne5 Qf6 34.Qxf6 gxf6
35.Nf3 Kc7 36.Kc1 Kd6 37.Kd2 d4 38.Ke2 c5 39.Kf2 Nf4 40.Bf1 Nd5 41.Nd2 b6
42.Nc4+ Ke7 43.Kg3 f5 44.gxf5 Bxf5 45.Bg2 Be6 46.Bxd5 Bxd5 47.Nd2 Kf6 48.Kf4 h6
49.c3 dxc3 50.bxc3 Ke6 51.c4 Bc6 52.h4 Ba4 53.Ne4 Bc2 54.Ke3 Kf5 55.Nf2 a6
56.Kd2 Ba4 57.Ke3 Bc6 58.d4 cxd4+ 59.Kxd4 Kf4 60.Nd3+ Kg3 61.h5 Be8 62.Nb4 Bxh5
63.Nxa6 Bf3 64.Nc7 h5 65.Ne6 h4 66.Ng5 Bg2 67.Ke3 Bc6 68.Ke2 Bb7 69.Ke3 Ba8
70.Ke2 Bg2 71.Ke3 Bf1 72.c5 bxc5 73.Ne4+ Kg2 74.Nxc5 h3 75.Ne4 h2 76.Nf2 Bb5
77.Nh1 Kxh1 78.Kf2 Bc4 79.a4 Ba6 80.a5 Bb5 81.Kg3 Kg1  0-1

[Event "Titled Tue 18th Oct Early"]
[Site "chess.com INT"]
[Date "2022.10.18"]
[Round "8"]
[White "Terry,R"]
[Black "Nakamura,Hi"]
[Result "0-1"]
[WhiteElo "2516"]
[BlackElo "2768"]

1.e4 g5 2.d4 h6 3.c3 d6 4.f4 gxf4 5.Bxf4 Nf6 6.Nd2 c5 7.dxc5 dxc5 8.Ngf3 Nc6
9.Bb5 Bd7 10.O-O Bg7 11.Qe2 Qc8 12.Nh4 a6 13.Bd3 b5 14.Bg3 Be6 15.Nf5 Bf8
16.c4 b4 17.Nb3 Nd7 18.Qe3 Nd8 19.Rad1 a5 20.Be2 a4 21.Nc1 h5 22.b3 axb3
23.axb3 Bxf5 24.exf5 Bh6 25.Qd3 Nf6 26.Bf3 Ra7 27.Qe2 Bg5 28.Nd3 Nc6 29.Nxc5 h4
30.Bf2 Rc7 31.Na4 O-O 32.Bb6 Rd7 33.Bc5 Qc7 34.Be3 Nh7 35.Nc5 Rxd1 36.Rxd1 Ne5
37.Ne4 Bxe3+ 38.Qxe3 Rd8 39.Rxd8+ Qxd8 40.Be2 Qa5 41.Qd4 Nf6 42.Nxf6+ exf6
43.Qxh4 Qa1+ 44.Kf2 Qb2 45.Qg3+ Kf8 46.Qe3 Ng4+  0-1

[Event "Titled Tue 18th Oct Early"]
[Site "chess.com INT"]
[Date "2022.10.18"]
[Round "9"]
[White "Nakamura,Hi"]
[Black "Oparin,G"]
[Result "1-0"]
[WhiteElo "2768"]
[BlackElo "2683"]

1.g4 a5 2.c4 e6 3.d4 d5 4.Bg2 Bb4+ 5.Nd2 a4 6.a3 Ba5 7.Qxa4+ Bd7 8.Qc2 Nc6
9.Nf3 Nf6 10.h3 h5 11.g5 Ne4 12.O-O Bxd2 13.Bxd2 Nxd2 14.Qxd2 dxc4 15.Qc3 Na5
16.d5 O-O 17.Rad1 Qe7 18.e4 exd5 19.exd5 Rfe8 20.Rfe1 Qc5 21.Rxe8+ Rxe8 22.b4  1-0

[Event "Titled Tue 18th Oct Early"]
[Site "chess.com INT"]
[Date "2022.10.18"]
[Round "10"]
[White "Pranav,V"]
[Black "Nakamura,Hi"]
[Result "0-1"]
[WhiteElo "2530"]
[BlackElo "2768"]

1.e4 g5 2.d4 Bg7 3.c3 h6 4.h4 gxh4 5.Rxh4 d6 6.Nf3 Nc6 7.Bc4 e6 8.Rh1 Bd7
9.Nbd2 Qe7 10.Nf1 Nf6 11.Ng3 d5 12.Bd3 dxe4 13.Nxe4 Nxe4 14.Bxe4 O-O-O 15.Be3 f5
16.Bc2 e5 17.d5 Na5 18.d6 Qxd6 19.Qxd6 cxd6 20.Bxa7 Kc7 21.Be3 f4 22.Bc1 Be6
23.Nh4 Rhf8 24.g3 Rde8 25.Ba4 fxg3 26.fxg3 Ra8 27.Bc2 Nb3 28.Bxb3 Bxb3 29.a3 Ra4
30.Be3 Rg4 31.Kd2 h5 32.Rhg1 Bc4 33.a4 Bf6 34.a5 Bg5 35.Bxg5 Rf2+ 36.Kc1 Rxg5
37.Ra4 Bd3 38.b3 e4 39.c4 e3 40.Re1 Rc2+ 41.Kd1 e2+ 42.Rxe2 Rxe2 43.a6 Rxg3
44.a7 Rg1+  0-1

[Event "Titled Tue 18th Oct Early"]
[Site "chess.com INT"]
[Date "2022.10.18"]
[Round "11"]
[White "Nakamura,Hi"]
[Black "Paravyan,D"]
[Result "1-0"]
[WhiteElo "2768"]
[BlackElo "2589"]

1.g4 e5 2.Bg2 Ne7 3.d4 exd4 4.Qxd4 Nbc6 5.Qd1 Ng6 6.c4 Nh4 7.Be4 Bb4+ 8.Nc3 Qe7
9.Bd5 d6 10.h3 Be6 11.Bd2 O-O 12.Qc2 Rfe8 13.O-O-O Nd4 14.Qd3 c5 15.e3 Nc6
16.Qc2 Ne5 17.b3 b5 18.Bxe6 Qxe6 19.Nxb5 Rec8 20.Ne2 a6 21.Nf4 Qd7 22.Nc3 Nhf3
23.Nfd5 Qb7 24.Ne4 Nxd2 25.Nxd2 a5 26.a4 Rab8 27.Kb2 Bxd2 28.Rxd2 Qa7 29.Ka3 Rb7
30.Nc3 Qb8 31.Nb5 Rb6 32.Rhd1 Rd8 33.f4 Nf3 34.Rd5 Nh4 35.f5 h6 36.Qf2 g5
37.fxg6 Nxg6 38.Qf6 Rd7 39.h4 Qe8 40.h5 Ne5 41.Qxh6 Nxc4+ 42.bxc4 Qe4 43.Rg5+ Qg6
44.hxg6 Rd8 45.Qh7+ Kf8 46.Qxf7+  1-0

[Event "CGC KO 2022"]
[Site "chess.com INT"]
[Date "2022.11.02"]
[Round "4.4"]
[White "Duda,J"]
[Black "Nakamura,Hi"]
[Result "0-1"]
[WhiteElo "2731"]
[BlackElo "2768"]

1.e3 e5 2.Ke2 d5 3.d4 Nc6 4.Nc3 Nf6 5.f3 Bd6 6.Kf2 O-O 7.Nge2 Qe7 8.Nb5 Bb4
9.c3 Ba5 10.a4 Bb6 11.h3 a6 12.Na3 Ne8 13.b4 Nd6 14.g3 Re8 15.Ra2 Qf6 16.Kg2 Bf5
17.g4 Bg6 18.Ng3 h5 19.Rg1 h4 20.Ne2 Rad8 21.Bd2 Nc4 22.Nxc4 dxc4 23.a5 Ba7
24.Qe1 Bd3 25.Qf2 Ne7 26.Nc1 Bxf1+ 27.Rxf1 Nd5 28.Ne2 Qe7 29.Re1 c6 30.Rb2 exd4
31.Nxd4 Qf6 32.Rbb1 g6 33.Kh1 Rd7 34.Re2 Bxd4 35.exd4 Rxe2 36.Qxe2 Re7 37.Qf2 Nf4
38.Bxf4 Qxf4 39.Rf1 Re3 40.Qxh4 Rxc3 41.Qd8+ Kg7 42.Kg2 Rc2+ 43.Rf2 Rxf2+
44.Kxf2 c3  0-1

[Event "CGC KO 2022"]
[Site "chess.com INT"]
[Date "2022.11.02"]
[Round "4.2"]
[White "Duda,J"]
[Black "Nakamura,Hi"]
[Result "0-1"]
[WhiteElo "2731"]
[BlackElo "2768"]

1.d4 Nf6 2.c4 e6 3.Nf3 d5 4.g3 dxc4 5.Bg2 Nbd7 6.O-O c6 7.a4 a5 8.Nc3 Bb4
9.Qc2 O-O 10.Na2 b6 11.Nd2 Bxd2 12.Bxd2 Nd5 13.e4 Ne7 14.Rfd1 Ba6 15.Bg5 h6
16.Bf4 Nf6 17.Nc3 Ng6 18.Be3 Qc7 19.h3 Rad8 20.f4 Rfe8 21.Qf2 Nd7 22.e5 Ne7
23.g4 f5 24.Rd2 Rf8 25.Kh2 Rf7 26.Rg1 Kh7 27.Bf3 g6 28.Qh4 Rh8 29.Rdg2 Nf8
30.Qf2 Bb7 31.Qe2 Qd8 32.Qxc4 fxg4 33.Rxg4 Nf5 34.Bf2 b5 35.Qd3 c5 36.Bxb7 Rxb7
37.axb5 cxd4 38.Ne4 Qb8 39.Nd6 Rg7 40.Bxd4 Rhg8 41.Ne4 Nd7 42.Bf2 Rf8 43.Qc4 Qb7
44.Qc6 Rb8 45.Qxb7 Rxb7 46.Nc3 Nb6 47.Rd1 Nc4 48.Rd8 Rgd7 49.Rc8 Rd2 50.Ne4 Rc2
51.Kg1 Rc1+ 52.Kh2 Rc2 53.b3 Nce3 54.Rxc2 Nxc2 55.Nf6+ Kg7 56.b6 Nce3 57.Rg1 Rxb6
58.Ne8+ Kh7 59.Rc1 g5 60.Rc7+ Kg6 61.Bxe3 Nxe3 62.Rg7+ Kf5 63.Rf7+ Ke4 64.Nd6+ Kd5
65.Kg3 Rxb3 66.Rd7 gxf4+ 67.Kxf4 Ng2+ 68.Kg4 Kxe5 69.Nc4+ Kf6 70.Nxa5 Rb6
71.Rd2 Rb4+ 72.Kg3 Ne3 73.Rf2+ Nf5+ 74.Kh2 Ra4 75.Nb3 Re4 76.Nc5 Re3 77.Ra2 Nd4
78.Rf2+ Ke7 79.Ra2 Kd6 80.Nb7+ Kd5 81.Kg2 e5 82.Ra5+ Ke4 83.Nd6+ Kf4 84.Nf7 h5
85.Ra6 Rg3+ 86.Kf2 Rf3+ 87.Kg2 e4 88.Ra4 Rg3+ 89.Kf1 Nf5 90.Nd8 Kf3 91.Ke1 Rg1+
92.Kd2 e3+ 93.Kd3 Rd1+ 94.Kc2 Rxd8  0-1

[Event "CGC KO 2022"]
[Site "chess.com INT"]
[Date "2022.11.02"]
[Round "4.3"]
[White "Nakamura,Hi"]
[Black "Duda,J"]
[Result "1-0"]
[WhiteElo "2768"]
[BlackElo "2731"]

1.e4 e5 2.Nf3 Nc6 3.Bb5 Nf6 4.d3 Bc5 5.c3 d5 6.exd5 Qxd5 7.Bc4 Qd6 8.Nbd2 Bf5
9.b4 Bb6 10.Ng5 O-O 11.Nde4 Nxe4 12.dxe4 Qxd1+ 13.Kxd1 Bg4+ 14.Kc2 h6 15.Nf3 Bxf2
16.Rf1 Bb6 17.a4 a6 18.Nh4 Nd8 19.a5 Ba7 20.Nf5 Ne6 21.Bxh6 Bxf5 22.exf5 gxh6
23.fxe6 fxe6 24.Bxe6+ Kg7 25.Rad1 Rxf1 26.Rxf1 Rf8 27.Rxf8 Kxf8 28.Bc8 b6
29.Bxa6 c5 30.Bb5 cxb4 31.a6 bxc3 32.g4  1-0

[Event "CGC KO 2022"]
[Site "chess.com INT"]
[Date "2022.11.02"]
[Round "4.1"]
[White "Nakamura,Hi"]
[Black "Duda,J"]
[Result "1-0"]
[WhiteElo "2768"]
[BlackElo "2731"]

1.e4 e5 2.Nf3 Nf6 3.Nxe5 d6 4.Nf3 Nxe4 5.d4 d5 6.Bd3 Bf5 7.O-O Be7 8.Re1 O-O
9.Nbd2 Nd6 10.Nf1 c6 11.Bf4 Bxd3 12.Qxd3 Na6 13.h4 Nc7 14.Ng5 g6 15.Ne3 Qd7
16.h5 f5 17.Nh3 Ne6 18.hxg6 hxg6 19.Ng4 Nf7 20.Ne5 Nxe5 21.Bxe5 Rae8 22.Re2 Bd8
23.Rae1 g5 24.f3 a6 25.c3 Rf7 26.Nf2 Nf8 27.Qd2 Ng6 28.Nd3 Rh7 29.Nc5 Qf7
30.Bd6 Rxe2 31.Qxe2 Bb6 32.Nxb7 Qxb7 33.Qe8+ Kg7 34.Bf8+ Nxf8 35.Re7+ Qxe7
36.Qxe7+ Kg8 37.Qxg5+ Rg7 38.Qxf5 Bc7 39.Kf1 Re7 40.Qg5+ Kf7 41.f4 Ke8 42.g3 Ne6
43.Qg6+ Kd7 44.Kf2 Nd8 45.Qf5+ Re6 46.c4 dxc4 47.d5 cxd5 48.Qxd5+ Rd6 49.Qxc4 Ne6
50.Kf3 Nd4+ 51.Kg2 a5 52.b4 axb4 53.Qxb4 Bb6 54.a4 Kc7 55.a5 Ba7 56.Qb2 Nc6
57.a6 Bd4 58.Qb7+ Kd8 59.g4 Re6 60.g5 Re2+ 61.Kf3 Rf2+ 62.Ke4 Rc2 63.g6  1-0

[Event "CGC KO 2022"]
[Site "chess.com INT"]
[Date "2022.11.03"]
[Round "4.6"]
[White "Duda,J"]
[Black "Nakamura,Hi"]
[Result "1-0"]
[WhiteElo "2731"]
[BlackElo "2768"]

1.d4 Nf6 2.c4 e6 3.Nf3 d5 4.g3 Be7 5.Bg2 O-O 6.O-O dxc4 7.Qc2 b5 8.a4 Bb7
9.axb5 a6 10.bxa6 Nxa6 11.Qxc4 Bd5 12.Qd3 Nb4 13.Rxa8 Qxa8 14.Qd1 Na2 15.Nc3 Nxc3
16.bxc3 c5 17.Bg5 h6 18.Bxf6 Bxf6 19.e3 Qa5 20.Qa1 Qxa1 21.Rxa1 Bxf3 22.Bxf3 cxd4
23.cxd4 e5 24.dxe5 Bxe5 25.Ra5 Re8 26.h4 g5 27.h5 Re7 28.Kg2 Kg7 29.Kh3 Bc3
30.Rc5 Be1 31.Kg2 Bb4 32.Rb5 Bd6 33.Rb6 Bc5 34.Rc6 Bb4 35.Bg4 Re5 36.Rc7 Kf8
37.Rb7 Be7 38.Kf1 Ra5 39.Ke2 Ra2+ 40.Kf3 Bf6 41.Bf5 Bc3 42.Rb1 Kg7 43.Rc1 Bd2
44.Rc7 Be1 45.Bc2 Rb2 46.Rc6 Ra2 47.Ke2 Bb4 48.Rc4 Ba5 49.Rc6 Bb4 50.Kf1 Ra1+
51.Kg2 Ra2 52.Rc7 Ba5 53.Rc4 Rb2 54.Kf1 Ra2 55.Be4 Ra1+ 56.Kg2 Ra2 57.Bd5 Rd2
58.Be4 Ra2 59.Bb1 Rb2 60.Bc2 Ra2 61.Rc5 Bb6 62.Rc6 Ba5 63.Bb3 Rb2 64.Bc2 Ra2
65.Kf3 Rb2 66.Kg4 Ra2 67.f4 gxf4 68.gxf4 Ra3 69.e4 Be1 70.Bd1 Bd2 71.Rd6 Bc1
72.Rd7 Kf8 73.Kf5 Rc3 74.Rd8+ Ke7 75.Rd4 Rc5+ 76.Kg4 Be3 77.Rb4 Rc7 78.Bb3 Kf6
79.Bd5 Kg7 80.Kf5 Bd2 81.Rb2 Bc1 82.Rg2+ Kf8 83.Ra2 Kg7 84.e5 Rd7 85.Ra5 Bd2
86.Rb5 Ra7 87.Rb2 Be3 88.Rg2+ Kf8 89.Re2 Bc1 90.Rc2 Be3 91.Ke4 Bg1 92.Rc6 Bh2
93.Rf6 Kg7 94.Kf3 Bg1 95.Rc6 Bd4 96.Ke4 Bb2 97.f5 f6 98.e6 Ba3 99.Bc4 Be7
100.Rc8 Bd6 101.Bb5 Ba3 102.Kd5 Be7 103.Kc6 Ra1 104.Kd7 Ra7+ 105.Ke8 Bd6
106.Bd7 Ba3 107.e7 Bb4 108.Rb8 Ba5 109.Be6 Bc7 110.Rd8 Ba5 111.Rd4 Ra8+ 112.Kd7 Ra7+
113.Kd6 Ra6+ 114.Kd5 Ra8 115.Rg4+  1-0

[Event "CGC KO 2022"]
[Site "chess.com INT"]
[Date "2022.11.03"]
[Round "4.5"]
[White "Nakamura,Hi"]
[Black "Duda,J"]
[Result "0-1"]
[WhiteElo "2768"]
[BlackElo "2731"]

1.e4 e6 2.d4 d5 3.Nc3 dxe4 4.Nxe4 Bd7 5.Nf3 Bc6 6.Bd3 Nd7 7.O-O Ngf6 8.Nxf6+ Qxf6
9.Be2 Bd6 10.c4 Be4 11.Ng5 Bg6 12.Be3 O-O 13.Bd3 h6 14.Nf3 Bh5 15.Be4 c6
16.Qb3 Rab8 17.Rfe1 Rfe8 18.Bd2 e5 19.dxe5 Nxe5 20.Rab1 Bxf3 21.Bxf3 Nxf3+
22.Qxf3 Qh4 23.g3 Qxc4 24.a3 Be5 25.Be3 a6 26.Qf5 g6 27.Qd7 Qb3 28.Bxh6 Rbd8
29.Qg4 c5 30.Bg5 Rd4 31.Qh3 Re6 32.Be3 Rd5 33.Qg4 c4 34.Red1 Rd3 35.Rxd3 cxd3
36.Rc1 Rc6 37.Rb1 Qc2 38.Rf1 Bxb2 39.Qd7 b5 40.h4 Bxa3 41.h5 gxh5 42.Qd8+ Bf8
43.Qg5+ Rg6 44.Qxh5 Qe2 45.Qd5 Rd6 46.Qg5+ Bg7 47.Qe7 Re6 48.Qd8+ Kh7 49.Kg2 Rxe3
50.Rh1+ Kg6 51.Qd5 Re5  0-1

[Event "CGC KO 2022"]
[Site "chess.com INT"]
[Date "2022.11.03"]
[Round "4.7"]
[White "Nakamura,Hi"]
[Black "Duda,J"]
[Result "1-0"]
[WhiteElo "2768"]
[BlackElo "2731"]

1.e4 c5 2.Nf3 Nc6 3.c3 Nf6 4.e5 Nd5 5.d4 cxd4 6.cxd4 d6 7.Bc4 Nb6 8.Bb5 e6
9.Bg5 Qc7 10.O-O Bd7 11.exd6 Bxd6 12.Nc3 a6 13.Bd3 h6 14.Be3 f5 15.d5 Nxd5
16.Nxd5 exd5 17.Bc2 O-O-O 18.Rc1 g5 19.Ba4 g4 20.Nd4 Bxh2+ 21.Kh1 Be5 22.Bxc6 Bxc6
23.Nxc6 bxc6 24.Qa4 Rd6 25.Qxa6+ Qb7 26.Qd3 Qf7 27.Qa6+ Kd7 28.Kg1 Rc8 29.Bb6 Re6
30.Rfd1 Rb8 31.Re1 Ke8 32.Bd4 Bxd4 33.Qxc6+ Ke7 34.Qc7+ Kf6 35.Qxb8 Kg6 36.g3 Rb6
37.Qf4 Qf6 38.Rcd1 Bc5 39.Rxd5 Rb4 40.Qe5 Bxf2+ 41.Kxf2 Rxb2+ 42.Kg1 Qb6+
43.Qe3  1-0

[Event "CGC KO 2022"]
[Site "chess.com INT"]
[Date "2022.11.04"]
[Round "5.3"]
[White "Nakamura,Hi"]
[Black "So,W"]
[Result "1/2-1/2"]
[WhiteElo "2768"]
[BlackElo "2771"]

1.e4 e5 2.Nf3 Nc6 3.Bb5 Nf6 4.d3 Bc5 5.c3 O-O 6.O-O d5 7.exd5 Qxd5 8.Bc4 Qd8
9.Nbd2 a5 10.h3 h6 11.Re1 Re8 12.Qe2 a4 13.Ne4 Nxe4 14.dxe4 Be6 15.Rb1 Qf6
16.b4 axb3 17.axb3 Bxc4 18.Qxc4 Bb6 19.b4 Ne7 20.Be3 Ng6 21.Bxb6 Qxb6 22.g3 Qe6
23.Qxe6 Rxe6 24.h4 Ra3 25.Re3 h5 26.Rd3 f6 27.Nd2 Rc6 28.Rc1 Nf8 29.Kf1 Kf7
30.Ke2 Ke7 31.Nf1 Ra2+ 32.Ke1 Rd6 33.Rxd6 Kxd6 34.Rd1+ Ke7 35.Ne3 Ne6 36.Rd2 Ra3
37.Kd1 c6 38.Kc2 Ra2+ 39.Kc1 Rxd2 40.Kxd2 b5 41.Kd3 g6 42.Nc2 g5 43.Ne3 gxh4
44.Nf5+ Kd7 45.Nxh4 Ng7 46.Nf3 Ne8 47.Nd2 Nd6 48.Nb3 Ke6 49.Na5 Kd7 50.Ke3 Kc7
51.Nb3 Kd7 52.f3 Ke7 53.Kf2 Nc4 54.Nc1 Kf7 55.Ke2 Ke7 56.Nd3 Kd6 57.Ne1 Na3
58.Ng2 Nc4 59.Nh4 Ke6 60.Nf5 Kf7 61.Ke1 Kf8 62.Kd1 Kf7 63.Ke2 Kf8 64.f4 Kf7
65.Nh4 Nd6 66.Kd3 Ke6 67.Nf3 Nc4 68.Nh4 Nd6 69.f5+ Kf7 70.Nf3 Kg7 71.Nd2 Kf7
72.Nb3 Ke7 73.Nc5 Ne8 74.Ne6 Kd7 75.Ke3 Ke7 76.Kf3 Kd7 77.Ke2 Ke7 78.Kd3 Kd7
79.c4 bxc4+ 80.Kxc4 Nd6+ 81.Kd3 Ne8 82.Ke3 Ke7 83.Kf3 Kd7 84.Kg2 Nd6 85.Nc5+ Ke7
86.Kh3 Ne8 87.Kh4 Ng7 88.Nb3 Kd6 89.Nd2 Ke7 90.Nc4 Kd7 91.Na5 Kd6 92.Kh3 Ne8
93.Kg2 Kd7 94.Nb7 Ke7 95.Kf3 Kd7 96.Ke3 Kc7 97.Nc5 Kd6 98.Kd3 Ke7 99.Ne6 Kd7
100.Kc3 Nd6 101.Nc5+ Kc7 102.Kb3 Nb5 103.Ne6+ Kd7 104.Nc5+ Kc7 105.Kc4 Nd6+
106.Kd3 Kd8 107.Ne6+ Ke7 108.Ng7 Nb5 109.Nxh5 Kf7 110.g4 Nd6 111.Ng3 Kg7
112.Nh5+ Kf7 113.Ke3 Nb5 114.Ng3 Kg7 115.Ne2 Kh6 116.Kf3 Kg5 117.Kg3 Nd6
118.Nc3 Nc4 119.b5 cxb5 120.Nxb5 Ne3 121.Nd6 Nxg4 122.Nf7+ Kh5 123.Nd6 Kg5
124.Nc4 Kh5 125.Nb6 Kg5 126.Nd7 Kh5 127.Nf8 Kg5 128.Nh7+ Kh6 129.Nf8 Kg5
130.Ne6+ Kh5 131.Ng7+ Kg5 132.Ne6+ Kh5 133.Ng7+ Kg5 134.Ne6+  1/2-1/2

[Event "CGC KO 2022"]
[Site "chess.com INT"]
[Date "2022.11.04"]
[Round "5.1"]
[White "Nakamura,Hi"]
[Black "So,W"]
[Result "1/2-1/2"]
[WhiteElo "2768"]
[BlackElo "2771"]

1.e4 e5 2.Nf3 Nc6 3.Bb5 Nf6 4.d3 Bc5 5.c3 O-O 6.O-O d5 7.Nbd2 a5 8.h3 dxe4
9.dxe4 Qe7 10.a4 Rd8 11.Qc2 Nb8 12.Re1 h6 13.Bf1 Nbd7 14.Nc4 b6 15.Be3 Bb7
16.Bxc5 Qxc5 17.Rab1 Qe7 18.b4 Bc6 19.b5 Bb7 20.Rbd1 Re8 21.Nfd2 Nc5 22.f3 Rad8
23.Nb3 Nxb3 24.Qxb3 Nd7 25.Ne3 Nc5 26.Qc2 Rxd1 27.Rxd1 Rd8 28.Bc4 h5 29.Bd5 Bc8
30.Rd2 Qg5 31.Kf2 Rd6 32.Qd1 h4 33.Ke2 Kf8 34.Qc2 Ke7 35.Rd1 Bd7 36.Bb3 Be6
37.Bxe6 fxe6 38.Rxd6 cxd6 39.Qd1 Qg3 40.Qc2 Kd7 41.Qd1 Kc7 42.Qc2 Qg5 43.Qd1 Qg6
44.Kf1 Qf6 45.Ke2 Qg5 46.Qc2 Qf4 47.Qd1 Qg3 48.Qc2 Qg5 49.Qd1 Qg6 50.Kf1 Qf6
51.Ke2 Qg6  1/2-1/2

[Event "CGC KO 2022"]
[Site "chess.com INT"]
[Date "2022.11.04"]
[Round "5.4"]
[White "So,W"]
[Black "Nakamura,Hi"]
[Result "1/2-1/2"]
[WhiteElo "2771"]
[BlackElo "2768"]

1.e4 e5 2.Nf3 Nc6 3.Bc4 Nf6 4.d3 Bc5 5.O-O d6 6.c3 a6 7.Re1 O-O 8.a4 Ba7
9.b4 h6 10.Nbd2 Re8 11.Nf1 Be6 12.Bxe6 Rxe6 13.Be3 Bxe3 14.Nxe3 Ne7 15.Qc2 Ng6
16.c4 c6 17.a5 d5 18.c5 Ne8 19.g3 Nc7 20.Rad1 Nb5 21.Qb2 d4 22.Nf5 Ne7 23.N3h4 Nxf5
24.Nxf5 h5 25.Rf1 g6 26.Nh4 Nc3 27.Rde1 Qe7 28.f4 exf4 29.Nf3 fxg3 30.Nxd4 Nb5
31.Nxe6 Qxe6 32.hxg3 Rd8 33.Rd1 Nd4 34.Kg2 Kg7 35.Rf2 Rd7 36.Rdf1 Qe5 37.Rf4 Nf3
38.Qe2 Ng5 39.Rd1 Rd4 40.Qe1 Ne6 41.Rf3 Ng5 42.Rf4 Qe6 43.Rf1 Qh3+ 44.Kg1 Rxb4
45.Qxb4 Qxg3+ 46.Kh1 Qh3+ 47.Kg1 Qg3+ 48.Kh1 Qh3+ 49.Kg1 Qg3+  1/2-1/2